EARTH'S INSECTS NEED YOU! / (Record no. 197760)
[ view plain ]
| 000 -LEADER | |
|---|---|
| fixed length control field | 02140nam a2200325 ia4500 |
| 005 - DATE AND TIME OF LATEST TRANSACTION | |
| control field | 20241202100113.0 |
| 008 - FIXED-LENGTH DATA ELEMENTS--GENERAL INFORMATION | |
| fixed length control field | 241201t20242024mnuo br 001 0 eng d |
| 020 ## - INTERNATIONAL STANDARD BOOK NUMBER | |
| International Standard Book Number | 9781788563239 |
| Terms of availability | RM59.90 |
| Qualifying information | paperback |
| 040 ## - CATALOGING SOURCE | |
| Original cataloging agency | PPAK |
| Language of cataloging | eng |
| Transcribing agency | PPAK |
| Description conventions | rda |
| 082 04 - DEWEY DECIMAL CLASSIFICATION NUMBER | |
| Edition number | 23 |
| Classification number | 595.7 |
| 090 00 - LOCALLY ASSIGNED LC-TYPE CALL NUMBER (OCLC); LOCAL CALL NUMBER (RLIN) | |
| Classification number (OCLC) (R) ; Classification number, CALL (RLIN) (NR) | 595.7 |
| Feature heading | OWE |
| Feature heading | K |
| 100 1# - MAIN ENTRY--PERSONAL NAME | |
| Personal name | Owen, Ruth, |
| Relator term | author. |
| 245 10 - TITLE STATEMENT | |
| Title | EARTH'S INSECTS NEED YOU! / |
| Statement of responsibility, etc. | by Ruth Owen ; Editor: Mark J. Sachner |
| 264 #1 - PRODUCTION, PUBLICATION, DISTRIBUTION, MANUFACTURE, AND COPYRIGHT NOTICE | |
| Place of production, publication, distribution, manufacture | Minneapolis, MN : |
| Name of producer, publisher, distributor, manufacturer | Ruby Tuesday Books, |
| Date of production, publication, distribution, manufacture, or copyright notice | 2024 |
| Date of production, publication, distribution, manufacture, or copyright notice | ©2024 |
| 300 ## - PHYSICAL DESCRIPTION | |
| Extent | 32 pages : |
| Other physical details | color photographs ; |
| Dimensions | 28 cm |
| 336 ## - CONTENT TYPE | |
| Content type term | text |
| Source | rdacontent |
| 337 ## - MEDIA TYPE | |
| Media type term | unmediated |
| Source | rdamedia |
| 338 ## - CARRIER TYPE | |
| Carrier type term | volume |
| Source | rdacarrier |
| 490 1# - SERIES STATEMENT | |
| Series statement | FUNdamental Science |
| 500 ## - GENERAL NOTE | |
| General note | Includes index. |
| 520 ## - SUMMARY, ETC. | |
| Summary, etc. | Earth's insects are in trouble. That's one half of this book's simple but incredibly important message. The book's other, more hopeful, "call to action" is that everyone can do something to help protect bees, beetles, and thousands of other insects. Without insects, many animals, including birds, amphibians, fish, and reptiles could not survive. Humans would struggle to grow enough food and decomposers would not be at work recycling dead plants and other waste materials. Learn how loss of habitats is affecting insects worldwide Discover how our use of pesticides and other chemicals is destroying insect populations Understand what insects need in order to thrive and increase in numbers Learn what we can we do as consumers and campaigners Discover how to create wild places for insects And see how even a small window box can be a food source and shelter for vital insects such as bees Perfect for young conservationists who want to improve our world and ensure a healthy future for the smallest and most endangered members of the animal kingdom. |
| 650 10 - SUBJECT ADDED ENTRY--TOPICAL TERM | |
| Topical term or geographic name entry element | Bees Protection |
| Form subdivision | Juvenile literature |
| Topical term or geographic name entry element | Beneficial insects |
| Form subdivision | Juvenile literature |
| Topical term or geographic name entry element | Habitat conservation |
| Form subdivision | Juvenile literature |
| Topical term or geographic name entry element | Insects Protection |
| Form subdivision | Juvenile literature |
| 700 1# - ADDED ENTRY--PERSONAL NAME | |
| Personal name | Sachner, Mark J., |
| Relator term | editor. |
| 830 #0 - SERIES ADDED ENTRY--UNIFORM TITLE | |
| Uniform title | Fundamental science |
| 942 ## - ADDED ENTRY ELEMENTS (KOHA) | |
| Source of classification or shelving scheme | Dewey Decimal Classification |
| Koha item type | Book |
| Withdrawn | Not for loan | Current library | Shelving location | Date acquired | Total Checkouts | Full call number | Barcode | Date last seen | Koha item type | Date last checked out | Checked out |
|---|---|---|---|---|---|---|---|---|---|---|---|
| Perpustakaan Alor Setar | Pinjaman Kanak-kanak | 12/12/2024 | K 595.7 OWE | A01847865 | 12/12/2024 | Book | |||||
| Perpustakaan Awam Sungai Petani | Pinjaman Kanak-kanak | 12/12/2024 | 2 | K 595.7 OWE | A01847866 | 24/01/2026 | Book | 04/01/2026 | |||
| Perpustakaan Baling | Pinjaman Kanak-kanak | 12/12/2024 | K 595.7 OWE | A01847870 | 12/12/2024 | Book | |||||
| Perpustakaan Bandar Baharu | Pinjaman Kanak-kanak | 12/12/2024 | K 595.7 OWE | A01847871 | 12/12/2024 | Book | |||||
| Perpustakaan Jitra | Pinjaman Kanak-kanak | 12/12/2024 | 2 | K 595.7 OWE | A01847867 | 27/06/2026 | Book | 27/06/2026 | 18/07/2026 | ||
| Perpustakaan Kulim | Pinjaman Kanak-kanak | 12/12/2024 | K 595.7 OWE | A01847869 | 12/12/2024 | Book | |||||
| Perpustakaan Langkawi | Pinjaman Kanak-kanak | 12/12/2024 | 1 | K 595.7 OWE | A01847868 | 11/12/2025 | Book | 20/11/2025 |